Konflikty zbrojne w 2023 roku - Statystyki

Ogólne statystyki
  • Ten quiz został rozwiązany 33 razy
  • Średni wynik to 2 z 15
Statystyki odpowiedzi
Hint Odpowiedź % Poprawnych
Od 2014 Wojna na Ukrainie
69%
Od 2011 Wojna domowa w Syrii
59%
Od 2014 Wojna domowa w Jemenie
21%
Od 1950 Wojna Koreańska
21%
Od 2001 Wojna domowa w Afganistanie
17%
Od 1991 Wojna domowa w Somalii
10%
Od 2016 Konflikt w Górskim Karabachu
7%
Od 2013 Wojna domowa w Sudanie Południowym
7%
Od 2012 Wojna domowa w Mali
3%
Od 2013 Wojna domowa w Republice Środkowoafrykańskiej
3%
Od 2006 Wojna narkotykowa w Meksyku
3%
Od 2004 Wojna w Pakistanie
3%
Od 2008 Konflikt w Abchazji i Osetii Południowej
0%
Od 1947 (z przerwami) Konflikt w Palestynie
0%
Od 1948 Konflikty wewnętrzne w Mjanmie
0%
Nie znaleziono quizów pasujących do podanych kryteriów
Rozkład punktacji
Procent ludzi z każdym wynikiem
Percentyl według liczby udzielonych odpowiedzi
Twoja historia wyników
Nie rozwiązałeś tego quizu